| Tag |
First Indicator |
Second Indicator |
Subfields |
| LEADER |
00000cam a2200000 4500 |
| 001 |
in00000297421 |
| 005 |
20151010083746.0 |
| 008 |
731024s1962 mdu 00000 eng d |
| 010 |
|
|
|a 62018775
|
| 035 |
|
|
|a (OCoLC)00726919
|
| 035 |
|
|
|9 ABG0673AM
|
| 040 |
|
|
|c WSU
|d TXA
|d UtOrBLW
|
| 049 |
|
|
|a TXAM
|c [635055]
|
| 050 |
0 |
0 |
|a DS122.3
|b .G7
|
| 100 |
1 |
|
|a Gross, William Joseph,
|d 1894-
|
| 245 |
1 |
0 |
|a Herod the Great.
|
| 264 |
|
1 |
|a Baltimore :
|b Helicon Press,
|c [1962]
|
| 300 |
|
|
|a 370 pages ;
|c 23 cm.
|
| 336 |
|
|
|a text
|b txt
|2 rdacontent
|
| 337 |
|
|
|a unmediated
|b n
|2 rdamedia
|
| 338 |
|
|
|a volume
|b nc
|2 rdacarrier
|
| 600 |
0 |
0 |
|a Herod
|b I,
|c King of Judea,
|d 73 B.C.-4 B.C.
|
| 999 |
|
|
|a MARS
|
| 999 |
f |
f |
|s 2e7cdafc-d77c-3a78-b89c-fe1c7f651396
|i cfbc0d19-74cc-3fc9-97e9-46751bd50049
|t 0
|
| 952 |
f |
f |
|p ric
|a Texas A&M University
|b Rellis Campus
|c Joint Library Facility
|d Remote Storage
|t 0
|e DS122.3 .G7
|h Library of Congress classification
|i unmediated -- volume
|m A14802033810
|
| 998 |
f |
f |
|a DS122.3 .G7
|t 0
|l Remote Storage
|